عرض عادي عرض مارك
  • البكري، حمزة محمد وسيم.

مدخل إسم شخص

عدد التسجيلات المستخدمة في: 3

001 - رقم الضبط

  • حقل الضبط: 96913

003 - معرف رقم الضبط

  • حقل الضبط: OSt

005 - تاريخ ووقت أخر عملية

  • حقل الضبط: 20220810133420.0

008 - عناصر بيانات ثابتة الطول

  • حقل تحكم ثابت الطول: 220810|| aca||aabn | a|a d

040 ## - مصدر الفهرسة

  • هيئة الفهرسة الأصلية: OSt
  • وكالة الكتابة: OSt

100 ## - مدخل -- أسم شخص

  • إسم شخص: البكري، حمزة محمد وسيم.

670 ## - بيانات المصدر موجوده

  • الاستشهاد بالمصدر: Work cat.: (OSt): البلقيني، عمر بن رسلان بن نصير. 96908, التجرد والاهتمام بجمع فتاوى شيخ الإسلام سراج الدين أبي حفص عمر بن رسلان البلقيني 724-805 هـ / , 2015